Podpora mimovládnych organizácii poskytujúcich služby počas migračnej krízy na Ukrajine bakalárska práca

Na minha lista:
Detalhes bibliográficos
Autor principal: Gono, Filip
Corporate Authors: Národohospodárska fakulta EU. Katedra verejnej správy a regionálneho rozvoja, Univerzita Komenského v Bratislave. Právnická fakulta
Outros Autores: Johanesová, Lucia, 1988-
Formato: Livro
Idioma:eslovaco
Publicado em: Bratislava 2025
Tags: Adicionar Tag
Sem tags, seja o primeiro a adicionar uma tag!

MARC

LEADER 00000nbm a2200000 4500
001 0309250
005 20260205140121.7
041 0 |a slo 
044 |a SK 
245 1 0 |a Podpora mimovládnych organizácii poskytujúcich služby počas migračnej krízy na Ukrajine  |b bakalárska práca  |c Filip Gono ; školiteľ: Lucia Johanesová 
264 1 |a Bratislava  |c 2025 
300 |a 52 s. 
100 1 |a Gono, Filip 
700 1 |a Johanesová, Lucia, 1988- 
710 2 |a Národohospodárska fakulta EU. Katedra verejnej správy a regionálneho rozvoja 
710 2 |a Univerzita Komenského v Bratislave. Právnická fakulta